000 00532nam a2200205Ia 4500
003 OSt
005 20220926042901.0
006 a|||||r|||| 00| 0
007 ta
008 220923b |||||||| |||| 00| 0 eng d
037 _cGeneral Book
040 _aRTL
_cRTL
_beng
041 _2eng
_aeng
082 _aXM85:8p1,N6, K0
245 0 _aManagement and corporations 1985
_b A symposium held
260 _c1960
650 _aMultinational
942 _hXM85:8p1,N6, K0
_cGB
_2CC
999 _c670798
_d670798